Communes limitrophes à Nantes - Statistiques

Statistiques générales
  • Ce quiz a été pris 53 fois
    7 depuis la dernière actualisation
  • Le résultat moyen est 8 sur 11
Statistiques - réponses
Population Communes % Correct
28 534 Orvault
100%
43 556 Rezé
100%
50 973 Saint Herblain
100%
20 921 Carquefou
86%
20 690 La Chapelle sur Erdre
86%
26 227 Vertou
86%
9 676 Basse Goulaine
57%
20 530 Bouguenais
57%
28 596 Saint Sébastien sur Loire
57%
16 400 Sainte Luce sur Loire
43%
10 600 Treillières
14%
Aucun quiz correspondant
Distribution des résultats
% des personnes avec chaque résultat
Percentile par nombre de réponses
Votre historique - résultats
Vous n’avez pas pris ce quiz depuis la dernière actualisation